| 000 | 00474nam a2200181Ia 4500 | ||
|---|---|---|---|
| 008 | 230524s9999 xx 000 0 und d | ||
| 020 | _a9788131727249 | ||
| 082 |
_a621.3821 _bTOC |
||
| 100 | _aRonald J.Tocci | ||
| 245 | 0 | _aDigital Systems Principles and Applications (8th-ed. 907p) | |
| 250 | _a10TH | ||
| 260 |
_aNEW DELHI _bPearson _c2009 |
||
| 300 | _aXIX;832 | ||
| 500 | _aQuantity Number: 102 | ||
| 650 | _aElectronics | ||
| 700 | _a Neal S.Widmer | ||
| 942 | _cBK | ||
| 999 |
_c8427 _d8427 |
||